000 00551nam a2200217Ia 4500
003 OSt
005 20220928145058.0
006 a|||||r|||| 00| 0
007 ta
008 220927b |||||||| |||| 00| 0 eng d
024 _a78528
037 _cTextual
040 _aSDCL
_cSDCL
_beng
041 _2eng
_aeng
082 _aR64, J9.1
100 _aDevastaali G V
_9511473
245 0 _aMimasa
_b The Vakya shastra of ancient India.V1.
260 _c1959
942 _hR64, J9.1
_cTEXL
_2CC
999 _c831736
_d831736